[Event "Santa Rosa La Pampa op 7th"]
[Site "Santa Rosa La Pampa"]
[Date "2024.07.08"]
[Round "6"]
[White "Llanos, Joaquin"]
[Black "Lima, Damian"]
[Result "1/2-1/2"]
[WhiteElo "1977"]
[BlackElo "1973"]
[PlyCount "95"]
[EventDate "2024.07.06"]
[EventType "swiss"]
[EventRounds "7"]
[EventCountry "ARG"]
[SourceTitle "CBM 221 Extra"]
[Source "ChessBase"]
[SourceDate "2024.09.30"]
[SourceVersion "1"]
[SourceVersionDate "2024.09.30"]
[SourceQuality "1"]

1. e4 g6 2. Nc3 Bg7 3. f4 c5 4. Nf3 Nc6 5. Bc4 Na5 6. Be2 d6 7. 0-0 Nf6 8. d3 0-0 9. Qe1 Bg4 10. Qh4 Bxf3 11. Rxf3 e6 12. Rh3 Nc6 13. g4 h6 14. g5 Nh7 15. gxh6 Qxh4 16. Rxh4 Bd4+ 17. Kg2 Ne7 18. Rh3 a6 19. Nd1 f5 20. c3 Bf6 21. Ne3 Kh8 22. Nc4 Nc8 23. e5 dxe5 24. fxe5 Be7 25. a4 b6 26. Bf3 Ra7 27. a5 b5 28. Nb6 g5 29. Bd1 Rb7 30. Nxc8 Rxc8 31. Bb3 c4 32. Bc2 g4 33. Re3 Bg5 34. Re1 cxd3 35. Bxd3 Rd7 36. Bxg5 Nxg5 37. Bf1 f4 38. Red1 Rcd8 39. Rxd7 Rxd7 40. c4 Rd2+ 41. Kh1 bxc4 42. Rc1 Rxb2 43. Rxc4 Nf3 44. Rc8+ Kh7 45. Bd3+ Kxh6 46. Rh8+ Kg7 47. Rh7+ Kg8 48. Rh5 1/2-1/2

[Event "Santa Rosa La Pampa op 7th"]
[Site "Santa Rosa La Pampa"]
[Date "2024.07.07"]
[Round "5"]
[White "Lima, Damian"]
[Black "Iribarren, Francisco"]
[Result "1/2-1/2"]
[WhiteElo "1973"]
[BlackElo "1859"]
[PlyCount "85"]
[EventDate "2024.07.06"]
[EventType "swiss"]
[EventRounds "7"]
[EventCountry "ARG"]
[SourceTitle "CBM 221 Extra"]
[Source "ChessBase"]
[SourceDate "2024.09.30"]
[SourceVersion "1"]
[SourceVersionDate "2024.09.30"]
[SourceQuality "1"]

1. Nf3 Nf6 2. d4 d5 3. Bg5 e6 4. e3 Nbd7 5. Bd3 Be7 6. Nbd2 b6 7. Ne5 Bb7 8. Bb5 0-0 9. Nc6 Qe8 10. Nxe7+ Qxe7 11. c3 c6 12. Bd3 e5 13. dxe5 Nxe5 14. Be2 h6 15. Bf4 c5 16. 0-0 Rad8 17. Re1 Ng6 18. Bg3 Ne4 19. Nxe4 dxe4 20. Qc2 Rd7 21. Red1 Rfd8 22. Rxd7 Rxd7 23. Rd1 Qd8 24. Rxd7 Qxd7 25. Qd1 Qxd1+ 26. Bxd1 c4 27. Bd6 f5 28. b3 Bd5 29. b4 b5 30. a4 a6 31. axb5 axb5 32. g3 Kf7 33. Bh5 Kf6 34. h4 Bc6 35. Kh2 Nh8 36. Bc5 Nf7 37. Bd4+ Ne5 38. g4 Ke6 39. Kg3 g6 40. Bxe5 gxh5 41. Bg7 fxg4 42. Kf4 Kd5 43. Kf5 1/2-1/2

[Event "Neuquen Las Balsas op"]
[Site "Neuquen"]
[Date "2022.06.17"]
[Round "2"]
[White "Lima, Damian"]
[Black "Francisco Guecamburu, Candela Be"]
[Result "0-1"]
[WhiteElo "1916"]
[BlackElo "2223"]
[PlyCount "88"]
[EventDate "2022.06.17"]
[EventType "swiss"]
[EventRounds "7"]
[EventCountry "ARG"]
[SourceTitle "CBM 208 Extra"]
[Source "ChessBase"]
[SourceDate "2022.07.31"]
[SourceVersion "1"]
[SourceVersionDate "2022.07.31"]
[SourceQuality "1"]

1. e4 c5 2. Nc3 g6 3. Nf3 Bg7 4. d4 cxd4 5. Nxd4 Nc6 6. Be3 Nf6 7. Nb3 d6 8. f3 Be6 9. Qd2 a5 10. Bb5 0-0 11. 0-0-0 Ne5 12. Qe2 Qc7 13. Rd4 Rfc8 14. Na4 Nfd7 15. Kb1 Bc4 16. Rxc4 Nxc4 17. Bc1 Ndb6 18. Nxb6 Nxb6 19. a4 d5 20. h4 dxe4 21. fxe4 Nc4 22. h5 Nd6 23. Bd3 b5 24. hxg6 hxg6 25. e5 Nc4 26. e6 bxa4 27. Qf2 Ne5 28. Nd4 Qb6 29. Qh4 Nxd3 30. Qxe7 fxe6 31. cxd3 a3 32. Nb5 Rxc1+ 33. Rxc1 axb2 34. Rf1 Rf8 35. Rxf8+ Bxf8 36. Qg5 Kf7 37. Kxb2 Be7 38. Qf4+ Bf6+ 39. Ka3 Qxb5 40. Qc7+ Kf8 41. Qc8+ Kg7 42. Qc7+ Kg8 43. Qc8+ Kh7 44. Qxe6 Qb4+ 0-1

[Event "La Pampa op"]
[Site "La Pampa"]
[Date "2022.03.05"]
[Round "5"]
[White "Chain, Eduardo Antonio"]
[Black "Lima, Damian"]
[Result "1-0"]
[WhiteElo "1885"]
[BlackElo "1907"]
[PlyCount "95"]
[EventDate "2022.03.04"]
[EventType "swiss"]
[EventRounds "7"]
[EventCountry "ARG"]
[SourceTitle "CBM 207 Extra"]
[Source "ChessBase"]
[SourceDate "2022.05.31"]
[SourceVersion "1"]
[SourceVersionDate "2022.05.31"]
[SourceQuality "1"]

1. e4 e6 2. d4 d5 3. e5 c5 4. Nf3 cxd4 5. Bd3 Nc6 6. 0-0 Nge7 7. Re1 Ng6 8. a3 Be7 9. b4 Qc7 10. Qe2 Bd7 11. b5 Na5 12. Bg5 Bxg5 13. Nxg5 Nc4 14. f4 Qd8 15. g3 Qe7 16. Nd2 h6 17. Ngf3 Nxd2 18. Nxd2 0-0 19. Qh5 Be8 20. Qg4 Rc8 21. Nf3 Rc7 22. h4 f5 23. exf6 Rxf6 24. f5 Nf8 25. Qxd4 Qc5 26. Qxc5 Rxc5 27. Nd4 Bd7 28. g4 exf5 29. gxf5 g6 30. Re7 gxf5 31. Kf2 Rg6 32. Rae1 Rg4 33. Nf3 Rg7 34. Nd4 Rg4 35. Nf3 Rg7 36. Rg1 Rxg1 37. Kxg1 Rc8 38. Nd4 Re8 39. Rxe8 Bxe8 40. Nxf5 Ng6 41. Nd6 Bf7 42. Nxb7 Nxh4 43. a4 Nf3+ 44. Kf2 Ne5 45. a5 Nd7 46. Nd8 d4 47. b6 axb6 48. a6 1-0

[Event "La Pampa Pico Cup"]
[Site "La Pampa"]
[Date "2021.12.04"]
[Round "3"]
[White "Falcinelli, Fabricio"]
[Black "Lima, Damian"]
[Result "0-1"]
[WhiteElo "1699"]
[BlackElo "1917"]
[PlyCount "132"]
[EventDate "2021.12.03"]
[EventType "swiss"]
[EventRounds "6"]
[EventCountry "ARG"]
[SourceTitle "CBM 205 Extra"]
[Source "ChessBase"]
[SourceDate "2022.01.31"]
[SourceVersion "1"]
[SourceVersionDate "2022.01.31"]
[SourceQuality "1"]

1. d4 d5 2. Nf3 Nf6 3. g3 g6 4. Bg2 Bg7 5. 0-0 0-0 6. b3 c5 7. e3 Nc6 8. Bb2 Ne4 9. Ne5 cxd4 10. Nxc6 bxc6 11. Bxd4 e5 12. Bb2 Ba6 13. Re1 Qb6 14. c4 Bxc4 15. Ba3 Ba6 16. Bxf8 Bxf8 17. Bxe4 dxe4 18. Qc1 f5 19. Nc3 Bd3 20. Qb2 Qa5 21. a3 Bg7 22. b4 Qa6 23. Rac1 f4 24. exf4 exf4 25. gxf4 c5 26. Qd2 Bxc3 27. Qxc3 c4 28. Qe5 Rf8 29. Re3 Rf5 30. Qe8+ Rf8 31. Qe5 Rf5 32. Qb8+ Rf8 33. Qe5 Rf5 34. Qc3 Rxf4 35. Rg3 Qb6 36. Qd2 Qf6 37. a4 Qf5 38. Qe3 Qf7 39. b5 Rf5 40. Rg5 Rf3 41. Qe1 e3 42. Rg2 e2 43. a5 Qe6 44. Qb4 Rf7 45. Re1 Qf5 46. b6 Qf3 47. bxa7 Be4 48. Qb8+ Kg7 49. Qg3 Qxg2+ 50. Qxg2 Bxg2 51. Kxg2 Rxa7 52. Rxe2 Rxa5 53. Kf3 Kf6 54. Re4 Rf5+ 55. Kg2 Rc5 56. Re1 c3 57. Rc1 c2 58. Kf3 Kf5 59. Ke2 Kf4 60. h3 h5 61. f3 Kg3 62. Ke3 Kxh3 63. Kf2 Kh4 64. Ke3 Kg3 65. Rg1+ Kh2 66. Rc1 Kg2 0-1

[Event "La Pampa Pico Cup"]
[Site "La Pampa"]
[Date "2021.12.03"]
[Round "1"]
[White "Ahumada, Agustin"]
[Black "Lima, Damian"]
[Result "1/2-1/2"]
[WhiteElo "1628"]
[BlackElo "1917"]
[PlyCount "89"]
[EventDate "2021.12.03"]
[EventType "swiss"]
[EventRounds "6"]
[EventCountry "ARG"]
[SourceTitle "CBM 205 Extra"]
[Source "ChessBase"]
[SourceDate "2022.01.31"]
[SourceVersion "1"]
[SourceVersionDate "2022.01.31"]
[SourceQuality "1"]

1. Nf3 Nf6 2. d3 d5 3. Nbd2 Nc6 4. e4 e5 5. Be2 Bg4 6. c3 Be7 7. 0-0 0-0 8. h3 Bh5 9. Re1 dxe4 10. dxe4 Bg6 11. Bb5 Qd6 12. Qa4 Nd7 13. Nc4 Qe6 14. Bxc6 bxc6 15. Na5 c5 16. Qc4 Qxc4 17. Nxc4 f6 18. Nh4 Bf7 19. Nf5 Rfe8 20. Nxe7+ Rxe7 21. Ne3 Nb6 22. b3 c4 23. Rb1 cxb3 24. axb3 Rd7 25. c4 Rad8 26. Nd5 Nc8 27. Be3 Be8 28. Ra1 c6 29. Nb4 Rb7 30. Bc5 Kf7 31. Ra6 Nb6 32. Bxb6 axb6 33. Rea1 Ke7 34. Ra7 Rdb8 35. Kf1 Kd7 36. Ke2 Kd6 37. Rd1+ Ke7 38. Rda1 h5 39. Ke3 g5 40. f3 Ke6 41. Kd3 f5 42. Ke3 g4 43. hxg4 fxg4 44. fxg4 hxg4 45. Nd3 1/2-1/2

[Event "General Pico op 08"]
[Site "General Pico"]
[Date "2021.08.21"]
[Round "4"]
[White "Lima, Damian"]
[Black "Peral, Alexis"]
[Result "1/2-1/2"]
[WhiteElo "1910"]
[BlackElo "1907"]
[PlyCount "100"]
[EventDate "2021.08.20"]
[EventType "swiss"]
[EventRounds "6"]
[EventCountry "ARG"]
[SourceTitle "EXT 2023"]
[Source "ChessBase"]
[SourceDate "2022.10.05"]
[SourceVersion "1"]
[SourceVersionDate "2022.10.05"]
[SourceQuality "1"]

1. e4 e6 2. d4 d5 3. e5 c5 4. c3 Qb6 5. a3 c4 6. Nd2 Nc6 7. b4 cxb3 8. Nxb3 Bd7 9. Bd3 Na5 10. Nxa5 Qxa5 11. Bd2 Qc7 12. Ne2 Ne7 13. 0-0 Nc6 14. f4 g6 15. Qb3 Na5 16. Qa2 b5 17. Rfb1 a6 18. a4 bxa4 19. Bc2 a3 20. Bd3 Nc4 21. Bxc4 dxc4 22. Bc1 Qc6 23. Bxa3 Qd5 24. Qc2 Bc6 25. Ng3 h5 26. Re1 Bxa3 27. Rxa3 0-0 28. Ne4 Kg7 29. Nf6 Qd8 30. Qf2 Qb6 31. Raa1 Rab8 32. Rac1 Rh8 33. Re3 a5 34. Re2 a4 35. Ra2 Qa5 36. Qd2 Rb3 37. f5 a3 38. fxe6 fxe6 39. Rac2 Qa7 40. Rf1 Qb7 41. Qf4 Rb1 42. Rcc1 Rxc1 43. Qxc1 a2 44. Qg5 Be4 45. Nxe4 Qxe4 46. h4 Qb1 47. Qe7+ Kh6 48. Qg5+ Kg7 49. Qf6+ Kh6 50. Qg5+ Kh7 1/2-1/2

[Event "General Pico op 08"]
[Site "General Pico"]
[Date "2021.08.20"]
[Round "1"]
[White "Lima, Damian"]
[Black "Salazar, Arturo"]
[Result "1-0"]
[WhiteElo "1910"]
[BlackElo "1653"]
[PlyCount "77"]
[EventDate "2021.08.20"]
[EventType "swiss"]
[EventRounds "6"]
[EventCountry "ARG"]
[SourceTitle "EXT 2023"]
[Source "ChessBase"]
[SourceDate "2022.10.05"]
[SourceVersion "1"]
[SourceVersionDate "2022.10.05"]
[SourceQuality "1"]

1. e4 c5 2. f4 d6 3. Nf3 Nc6 4. Nc3 a6 5. a4 Bg4 6. Be2 e6 7. 0-0 Be7 8. h3 Bxf3 9. Bxf3 Nf6 10. b3 Qb6 11. Kh1 h5 12. d3 Nd4 13. a5 Qc7 14. Bd2 0-0-0 15. Na4 Kb8 16. g3 e5 17. Nb6 Rdg8 18. Bg2 Bd8 19. Nc4 Ka8 20. c3 Nc6 21. b4 cxb4 22. cxb4 Nd4 23. Qa4 Ne2 24. Rf2 Nd4 25. Be3 Nb5 26. Rc2 Qd7 27. Rac1 Bc7 28. Na3 Bb8 29. Nxb5 Qxb5 30. Qxb5 axb5 31. a6 bxa6 32. Rc6 Nd7 33. d4 Kb7 34. fxe5 dxe5 35. d5 Rc8 36. h4 Bc7 37. Bh3 Rhd8 38. Bc5 Bb8 39. Be7 1-0

[Event "Neuquen U2200 op"]
[Site "Neuquen"]
[Date "2017.08.19"]
[Round "3.4"]
[White "Bardi, Victor Manuel"]
[Black "Lima, Damian"]
[Result "1/2-1/2"]
[WhiteElo "1777"]
[BlackElo "1915"]
[PlyCount "140"]
[EventDate "2017.08.18"]
[EventType "swiss"]
[EventRounds "6"]
[EventCountry "ARG"]
[SourceTitle "EXT 2024"]
[Source "ChessBase"]
[SourceDate "2023.10.10"]
[SourceVersion "1"]
[SourceVersionDate "2023.10.10"]
[SourceQuality "1"]

1. e4 c5 2. Nc3 Nc6 3. Bb5 g6 4. Bxc6 bxc6 5. f4 Bg7 6. Nf3 Ba6 7. d3 Nf6 8. 0-0 d6 9. Qe1 0-0 10. b3 Nd7 11. Rb1 e6 12. Bd2 Re8 13. Nd1 f5 14. Nf2 Qf6 15. Qc1 Qf8 16. Qa3 Bb7 17. Rbd1 a5 18. exf5 exf5 19. Rfe1 Nb6 20. Rxe8 Qxe8 21. Re1 Qd7 22. Ng5 Nd5 23. Qa4 Bb2 24. b4 axb4 25. Qb3 Bf6 26. Bc1 Re8 27. Kf1 Bc3 28. Rxe8+ Qxe8 29. Nf3 Bc8 30. Nd1 Be6 31. Qa4 Bf7 32. Kf2 h6 33. a3 Bf6 34. axb4 cxb4 35. Ne3 Nxe3 36. Bxe3 c5 37. Qxe8+ Bxe8 38. Ke2 Kf7 39. Bd2 Ke6 40. d4 Kd5 41. dxc5 dxc5 42. Kd1 Bb5 43. Ke1 Ke4 44. Ne5 Bxe5 45. fxe5 g5 46. e6 f4 47. Bc1 c4 48. Bb2 c3 49. Bc1 Ke5 50. e7 Ke6 51. g3 fxg3 52. hxg3 Kxe7 53. Be3 Kd6 54. Bd4 Kd5 55. Bg7 h5 56. Bf6 g4 57. Be7 Kc4 58. Kd1 Bc6 59. Kc1 Be4 60. Bf6 Bf5 61. Be7 Bh7 62. Bf6 Be4 63. Be7 b3 64. cxb3+ Kxb3 65. Bf6 Kc4 66. Be5 Kd3 67. Bf6 c2 68. Bg5 Ke2 69. Bh4 Kf3 70. Kd2 Bf5 1/2-1/2